Setai hendō to seikatsu kōzō; Nihon no raifu saikuru.
Saved in:
| Corporate Author: | |
|---|---|
| Format: | Book |
| Language: | Japanese |
| Published: |
Tōkyō,
Tōyō Keizai Shinpōsha,
Shōwa 43 (1968)
|
| Subjects: | |
| Tags: |
Add Tag
No Tags, Be the first to tag this record!
|
| LEADER | 00977nam a2200289 4500 | ||
|---|---|---|---|
| 001 | 007741347-4 | ||
| 005 | 20024617120653.0 | ||
| 008 | 890711s1968 ja b 000 0 jpn | ||
| 010 | |a j 68003583 | ||
| 015 | |a Ja68-6836 | ||
| 035 | 0 | |a ocm23342432 | |
| 040 | |a DLC |c MiU |d OCoLC |d *YNH* |d CStRLIN | ||
| 043 | |a a-ja--- | ||
| 050 | 0 | |a HN723.5 |b .K6 | |
| 110 | 2 | |6 880-01 |a Kokumin Seikatsu Kenkyūjo. | |
| 245 | 1 | 0 | |6 880-02 |a Setai hendō to seikatsu kōzō; |b Nihon no raifu saikuru. |
| 260 | |6 880-03 |a Tōkyō, |b Tōyō Keizai Shinpōsha, |c Shōwa 43 (1968) | ||
| 300 | |a 214 p. |c 22 cm. | ||
| 504 | |a Bibliograhy: p. 48. | ||
| 650 | 0 | |a Families |z Japan. | |
| 650 | 0 | |a Cost and standard of living |z Japan. | |
| 651 | 0 | |a Japan |x Social conditions |y 1945- | |
| 880 | 2 | |6 110-01 |a 国民生活研究所. | |
| 880 | 1 | 0 | |6 245-02 |a 世带変動と生活構造; |b 日本のライフサイクル. |
| 880 | |6 260-03 |a 東京, |b 東洋経済新報社, |c 昭和43 (1968) | ||
| 988 | |a 20021214 | ||
| 906 | |0 DLC | ||


